000 00899nam a2200253 i 4500
005 20191224041529.0
008 141020b xxu||||| |||| 00| 0 spa d
020 _a9684514956
040 _aCO-BoIAVH
_cCO-BoIAVH
041 1 _aspa
_heng
082 0 4 _a570.15195
_bS81b
100 1 _aSteel, Robert George D.
245 1 0 _aBioestadística :
_bprincipios y procedimientos /
_cRobert G. D. Steel, James H. Torrie ; traducción Ricardo Martínez B.
250 _aSegunda edición.
260 _aBogotá :
_bMcGraw Hill,
_c1985.
300 _a622 p.
534 _pTítulo original :
_tPrinciples and procedures of statistics.
650 1 4 _aEstadística matemática
650 2 4 _aEstadística vital
650 2 4 _aEstadística no paramétrica
700 1 _aTorrie, James H.,
_eautor.
700 1 _aMartínez B., Ricardo,
_etraductor.
942 _cLIBRO
_2ddc
999 _c440
_d440